Statistics for Players who played with Messi and Ronaldo

Click here to take the quiz!

General Stats

  • This quiz has been taken 57 times
  • The average score is 9 of 22

Answer Stats

HintAnswer% Correct
Real Madrid
Argentina
Angel Di Maria
100%
Real Madrid
Juventus
Argentina
Gonzalo Higuain
78%
Manchester United
Barcelona
Gerard Pique
71%
Real Madrid
PSG
Sergio Ramos
71%
Juventus
Argentina
Paulo Dybala
63%
Manchester United
Argentina
Carlos Tevez
59%
Real Madrid
PSG
Achraf Hakimi
47%
Manchester United
Argentina
Alejandro Garnacho
47%
Real Madrid
PSG
Keylor Navas
45%
Barcelona
Portugal
Deco
43%
Barcelona
Portugal
Nelson Semedo
39%
Juventus
Barcelona
Miralem Pjanic
37%
PSG
Portugal
Vitinha
37%
Barcelona
Portugal
Andre Gomes
35%
PSG
Portugal
Danilo Pereira
33%
Manchester United
Argentina
Gabriel Heinze
22%
Barcelona
Juventus
Arthur Melo
20%
Real Madrid
Argentina
Fernando Gago
14%
Real Madrid
Argentina
Ezequiel Garay
12%
Barcelona
Portugal
Francisco Trincao
8%
Barcelona
Manchester United
Henrik Larsson
4%
Barcelona
Juventus
Martin Caceres
4%

Score Distribution

Percentile by Number Answered

Percent of People with Each Score

Your Score History

You have not taken this quiz